000 00297nam a22001337a 4500
008 181107b xxu||||| |||| 00| 0 eng d
020 _a0153297026
041 _aeng
080 _23 th
_a370
100 _a49
101 _aEDU
245 _aVocabulary For College
_cPaul.B.D
942 _2udc
_cBK
999 _c52081
_d52081